00737 2200169 4500245002900000020001800029250001100047100001400058650001700072005001900089260003200108041001400140084000800154300002200162500037400184336000900558 aSendiricTere LiyehText a9786238882281 aCet. 1 aTere Liye aNovel Remaja a20250304072314 aDepokbSabak Grip Nusantara aIndonesia a813 a318 hlm. 20 cm. : aInilah kisah tentang seorang laki-laki usia 70 tahun, yang ditinggal istrinya meninggal setelah begitu lama menikah, menghabiskan waktu bersama-sama. Saat hari ini tiba, apa yang harus dia lakukan ? Bagaimana dia akan melewati sisa hidupnya? Menjalani hari demi hari? Apakah hidupnya masih seru? Apakah masih ada petualangan spesial baginya. Atau hanya tersisa sendiri. atext